Straightforward : (Record no. 178)

MARC details
000 -LEADER
fixed length control field 01050cam a22002895a 4500
003 - CONTROL NUMBER IDENTIFIER
control field EG-ScBUE
005 - DATE AND TIME OF LATEST TRANSACTION
control field 20220607095320.0
008 - FIXED-LENGTH DATA ELEMENTS--GENERAL INFORMATION
fixed length control field 100202s2005 enka f 000 0 eng d
020 ## - INTERNATIONAL STANDARD BOOK NUMBER
International Standard Book Number 1405010576 (Student's book)
020 ## - INTERNATIONAL STANDARD BOOK NUMBER
International Standard Book Number 9781405010573 (Student's book)
040 ## - CATALOGING SOURCE
Original cataloging agency EG-ScBUE
Language of cataloging eng
Description conventions rda
Transcribing agency EG-ScBUE
Modifying agency EG-ScBUE
082 04 - DEWEY DECIMAL CLASSIFICATION NUMBER
Classification number 428.24076
Item number KER
Edition number 22
100 1# - MAIN ENTRY--PERSONAL NAME
Personal name Kerr, Philip,
Dates associated with a name 1959-
Relator term author.
9 (RLIN) 10862
245 10 - TITLE STATEMENT
Title Straightforward :
Remainder of title pre-intermediate,
Name of part/section of a work Student's book /
Statement of responsibility, etc Philip Kerr.
246 30 - VARYING FORM OF TITLE
Title proper/short title Student's book
264 #1 - PUBLICATION, DISTRIBUTION, ETC. (IMPRINT)
Place of publication, distribution, etc Oxford :
Name of publisher, distributor, etc Macmillan Education,
Date of publication, distribution, etc 2005.
300 ## - PHYSICAL DESCRIPTION
Extent 159 pages :
Other physical details color illustrations ;
Dimensions 29 cm
336 ## - CONTENT TYPE
Source rdacontent
Content type term text
Content type code txt
337 ## - MEDIA TYPE
Source rdamedia
Media type term unmediated
Media type code n
338 ## - CARRIER TYPE
Source rdacarrier
Carrier type term volume
Carrier type code nc
521 ## - TARGET AUDIENCE NOTE
Target audience note Level A2 and guides student into Level B1.
650 #7 - SUBJECT ADDED ENTRY--TOPICAL TERM
Topical term or geographic name as entry element English language
General subdivision Examinations, questions, etc.
Source of heading or term BUEsh
650 #7 - SUBJECT ADDED ENTRY--TOPICAL TERM
Topical term or geographic name as entry element English language
General subdivision Examinations
Form subdivision Study guides.
Source of heading or term BUEsh
9 (RLIN) 3373
653 ## - INDEX TERM--UNCONTROLLED
Resource For college Humanities: English
Arrived date list August2015
-- October2018
655 ## - INDEX TERM--GENRE/FORM
Form subdivision Reading book
9 (RLIN) 34232
942 ## - ADDED ENTRY ELEMENTS (KOHA)
Source of classification or shelving scheme Dewey Decimal Classification
Koha item type Book - Borrowing
Holdings
Withdrawn status Lost status Source of classification or shelving scheme Damaged status Not for loan Collection code Home library Current library Shelving location Date acquired Source of acquisition Cost, normal purchase price Total Checkouts Full call number Barcode Date last seen Cost, replacement price Price effective from Koha item type Public note Total Renewals Date checked out
    Dewey Decimal Classification       Central Library Central Library Second Floor 06/02/2006   80.00 2 428.24076 KER 000004555 15/07/2025 100.00 06/02/2006 Book - Borrowing Student's book    
    Dewey Decimal Classification       Central Library Central Library Second Floor 06/02/2006   80.00 7 428.24076 KER 000004554 15/07/2025 100.00 06/02/2006 Book - Borrowing Student's book    
    Dewey Decimal Classification       Central Library Central Library Second Floor 06/02/2006   80.00 1 428.24076 KER 000004553 15/07/2025 100.00   Book - Borrowing Student's book    
    Dewey Decimal Classification       Central Library Central Library Second Floor 06/02/2016   80.00 6 428.24076 KER 000004466 15/07/2025 100.00 16/02/2006 Book - Borrowing Student's book    
    Dewey Decimal Classification       Central Library Central Library Second Floor 01/02/2010 Donation 80.00 1 428.24076 KER 000019543 15/07/2025 100.00 01/02/2010 Book - Borrowing Student's book 5 24/10/2013
    Dewey Decimal Classification       Central Library Central Library Second Floor 01/02/2010 Donation 80.00   428.24076 KER 000019541 15/07/2025 100.00 01/02/2010 Book - Borrowing Student's book    
    Dewey Decimal Classification       Central Library Central Library Second Floor 10/06/2010   80.00   428.24076 KER 000008702 15/07/2025 100.00 10/06/2010 Book - Borrowing Student's book    
    Dewey Decimal Classification       Central Library Central Library Second Floor 10/06/2010   80.00 1 428.24076 KER 000004552 15/07/2025 100.00 10/06/2010 Book - Borrowing Student's book 2 21/06/2016
    Dewey Decimal Classification     Baccah Central Library Central Library Second Floor 24/08/2020 Purchase     428.24076 KER 000049480 15/07/2025   24/08/2020 Book - Borrowing